Effects of brand image on buying behaviour among university Students: (Record no. 3825)

000 -LEADER
fixed length control field 00427nam a22001457a 4500
003 - CONTROL NUMBER IDENTIFIER
control field OSt
005 - DATE AND TIME OF LATEST TRANSACTION
control field 20170404160001.0
008 - FIXED-LENGTH DATA ELEMENTS--GENERAL INFORMATION
fixed length control field 170404b xxu||||| |||| 00| 0 eng d
050 ## - LIBRARY OF CONGRESS CALL NUMBER
Classification number HD69.B7.C44 2016
100 ## - MAIN ENTRY--PERSONAL NAME
Personal name Chege, Edwin
245 ## - TITLE STATEMENT
Title Effects of brand image on buying behaviour among university Students:
Remainder of title A case study of Riara University
Statement of responsibility, etc Edwin Chege
260 ## - PUBLICATION, DISTRIBUTION, ETC. (IMPRINT)
Place of publication, distribution, etc Nairobi
Date of publication, distribution, etc 2016
300 ## - PHYSICAL DESCRIPTION
Extent 28 p
942 ## - ADDED ENTRY ELEMENTS (KOHA)
Source of classification or shelving scheme
Koha item type Research Project
Holdings
Withdrawn status Lost status Source of classification or shelving scheme Damaged status Not for loan Home library Current library Shelving location Date acquired Total Checkouts Full call number Barcode Date last seen Price effective from Koha item type
          Riara University Library Riara University Library Special Collection 04/04/2017   RUSC HD69.B7.C44 2016 8929/17 04/04/2017 04/04/2017 Research Project

Riara University Library,
P.O. Box 49940-00100,
Nairobi, Kenya.